Paesi più vicini al Belgio - Uno Minuti Sprint - Statistics

Statistiche generali
  • Questo quiz è stato fatto 50 volte
  • Il punteggio medio è 13 su 20
Statistiche sulle risposte
km nazione % Corretto
0 Francia
100%
0 Germania
100%
0 Lussemburgo
94%
0 Paesi Bassi
94%
426 Italia
87%
254 Svizzera
85%
450 Danimarca
83%
80 Regno Unito
81%
357 Austria
77%
595 Polonia
66%
622 Irlanda
64%
372 Liechtenstein
62%
734 Norvegia
55%
658 Svezia
55%
404 Cechia
53%
657 Monaco
51%
799 San Marino
34%
785 Slovacchia
32%
668 Slovenia
32%
731 Croazia
19%
Nessun quiz corrispondente trovato
Distribuzione punteggi
Percentuale di utenti per punteggio
Percentile per numero di risposta
I tuoi punteggi nel tempo
Non hai fatto questo quiz